| 000 | 00593nam a2200217 a 4500 | ||
|---|---|---|---|
| 005 | 20140310183455.0 | ||
| 008 | 061128s19uu xx 00 eng d | ||
| 020 | _a97897185558515 | ||
| 050 |
_aLB 1051 _b.L629 2008 |
||
| 100 | _aLimpingco, Delia. | ||
| 245 |
_aPsychology of learning./ _cDelia Limpingco. |
||
| 250 | _a2nd ed. | ||
| 260 |
_aQuezon City : _bKen Incorporated, _c1999. |
||
| 300 |
_a142 p. : _c22 cm. |
||
| 650 | _aPsychology of Learning. | ||
| 650 | _aPsychology. | ||
| 700 | _aTria, Geraldine | ||
| 700 | _aJao, Loreto V. | ||
| 942 |
_cBK _2lcc _kLOC |
||
| 999 |
_c23603 _d23603 |
||